Score 0/20 Timer 02:00
4 Plays Today
Hint 4-Letter Word % Correct
Opposite of hateLOVE
96.2%
✧ ____ Calm and Carry On ✧✦ KEEP ✦
95.1%
To change from a solid to a liquidMELT
94.4%
✧ To go from one position to another ✧✦ MOVE ✦
93.2%
Pants cincherBELT
92.1%
Where there's smoke, there's thisFIRE
90.4%
Short, electronic noise BEEP
90%
A rodent OR planted spyMOLE
89.9%
To shed skin or feathersMOLT
89.5%
Singular, perhaps like a ranger?LONE
88.6%
Hint 4-Letter Word % Correct
Climbing type of plant often supporting grapesVINE
88.6%
Borscht ingredientBEET
88.2%
Punitive feeFINE
86.4%
Alternative to a ChevyFORD
83.2%
Microsoft Office componentWORD
80.9%
✧ Unit/wing of a hospital ✧✦ WARD ✦
80.6%
✧ It can precede -head or -bode ✧✦ FORE ✦
80.3%
How one should live (while prospering)LONG
70.1%
✧ Pulp Fiction actor Rhames ✧✦ VING ✦
67.9%
Cod-like fish OR, when doubled, a famous giant pandaLING
64.1%

Today's Daily Dose

Remove Ads.
Support Sporcle.
Get the best of Sporcle when you Go Orange. This ad-free experience offers more features, more stats, and more fun while also helping to support Sporcle. Thank you for becoming a member.

You're not logged in!

Compare scores with friends on all Sporcle quizzes.
OR
Log In

Show Comments

Extras

Top Quizzes Today


Score Distribution

Your Account Isn't Verified!

In order to create a playlist on Sporcle, you need to verify the email address you used during registration. Go to your Sporcle Settings to finish the process.

Report this User

Report this user for behavior that violates our Community Guidelines.

Details: